000 00921nam a2200265Ia 4500
003 OSt
005 20221005104358.0
006 a|||||r|||| 00| 0
007 ta
008 221004b |||||||| |||| 00| 0 hin d
020 _cINR 295.00
024 _a66395
037 _bGV728, 11/03/2020, Vani Prakashan
_cTextual
040 _aCRL
_cCRL
_bhin
041 _2hin
_ahin
082 _aO152,8N66x, Q9
100 _aपुराणिक, आलोक, ले.
245 0 _aगौरतलब व्यंग्य
246 _aGauratalab vyangya
260 _aदिल्ली
_bभारत पुस्तक भण्डार भारत
_c2019
300 _a128पृ0
_ccm.
650 _aहिन्दी व्यंग्य
942 _hO152,8N66x, Q9
_cTEXL
_2cc
999 _c1012524
_d1012524